| 000 | 01343nam a2200361Ia 4500 | ||
|---|---|---|---|
| 001 | ebr10359386 | ||
| 003 | CaPaEBR | ||
| 006 | m u | ||
| 007 | cr cn||||||||| | ||
| 008 | 090309s2010 mau sb 001 0 eng d | ||
| 010 | _z 2009009937 | ||
| 020 | _z9780262513586 (pbk. : alk. paper) | ||
| 040 |
_aCaPaEBR _cCaPaEBR |
||
| 035 | _a(OCoLC)592756195 | ||
| 050 | 1 | 4 |
_aB945.S6573 _bH37 2010eb |
| 100 | 1 | _aSinger, Irving. | |
| 245 | 1 | 4 |
_aThe harmony of nature and spirit _h[electronic resource] / _cIrving Singer. |
| 260 |
_aCambridge, MA : _bMIT Press, _c2010. |
||
| 300 | _axix, 222 p. | ||
| 490 | 1 |
_aMeaning in life ; _v3 |
|
| 490 | 1 | _aThe Irving Singer library | |
| 504 | _aIncludes bibliographical references and index. | ||
| 533 |
_aElectronic reproduction. _bPalo Alto, Calif. : _cebrary, _d2013. _nAvailable via World Wide Web. _nAccess may be limited to ebrary affiliated libraries. |
||
| 650 | 0 | _aLife. | |
| 650 | 0 | _aMeaning (Philosophy) | |
| 650 | 0 | _aPhilosophy of nature. | |
| 650 | 0 | _aSpirit. | |
| 655 | 7 |
_aElectronic books. _2local |
|
| 710 | 2 | _aebrary, Inc. | |
| 800 | 1 |
_aSinger, Irving. _tMeaning in life ; _v3. |
|
| 800 | 1 |
_aSinger, Irving. _tIrving Singer library. |
|
| 856 | 4 | 0 |
_uhttp://site.ebrary.com/lib/rucke/Doc?id=10359386 _zAn electronic book accessible through the World Wide Web; click to view |
| 999 |
_c104772 _d104772 |
||